|
|
|
|
| LEADER |
00000cam a2200000 a 4500 |
| 001 |
vtls001515765 |
| 003 |
SK-MaSNL |
| 005 |
20260302073838.0 |
| 008 |
240314s1498 fr 00000 lat |
| 035 |
|
|
|a 50IncC
|
| 040 |
|
|
|a SNK
|b slo
|c SNK
|e AACR2
|
| 041 |
0 |
|
|a lat
|
| 044 |
|
|
|a fr
|c FR
|
| 100 |
1 |
|
|a Temesvári, Pelbárt
|4 aut
|9 738746
|
| 243 |
1 |
0 |
|a Sermones
|
| 245 |
1 |
0 |
|a [Sermones de tempore]
|b [Sermones de tempore. Pars hiemalis et paschalis]
|
| 246 |
1 |
3 |
|a Sermones de tempore
|
| 260 |
|
|
|a [Hagenoae]
|b [Henricus Gran pro Johanne Rynman]
|c [VI. Kal. Aug. 1498]
|
| 300 |
|
|
|a A3-8, B8 - Z8, Aa8 - Cc8, Dd6 [=212], [7] list.
|c 8°
|c 15 x 21 cm
|
| 500 |
|
|
|a Názov sme prevzali z literatúry
|
| 500 |
|
|
|a Údaje do impresa prevzaté z literatúry
|
| 500 |
|
|
|a Reprezentanty iniciálok, niektoré ručne kolorované červené
|
| 500 |
|
|
|a pôvodná, renesančná, tmavohnedá koža s oranemntálnou slepotlačou, reštaurovaná, nové spony
|
| 510 |
0 |
|
|a Hain-Copinger 12551; Kotvan 923
|
| 562 |
|
|
|a Tlač je defektná, chýba začiatok a koniec
|
| 650 |
0 |
7 |
|a prvotlače
|2 SNKPH
|9 70449
|
| 650 |
0 |
7 |
|a homiletika
|2 SNKPH
|9 1812
|
| 650 |
0 |
7 |
|a liturgické texty
|2 SNKPH
|9 2001
|
| 655 |
|
7 |
|a staré tlače
|2 SNKPH
|9 69193
|
| 700 |
1 |
|
|a Gran, Heinrich,
|d zomrel 1527
|4 prt
|9 172856
|
| 700 |
1 |
|
|a Rymnann, Johann
|4 pub
|9 738747
|
| 710 |
0 |
|
|a Gran, Heinrich; impensis Rynmann, Johann (Haguenau, Francúzsko)
|4 prt
|9 91417
|
| 752 |
|
|
|a Francúzsko
|d Haguenau
|
| 958 |
|
|
|a ONDV
|
| 999 |
|
|
|c 1162632
|d 1164562
|
| 952 |
|
|
|a SNK
|b SNK
|y PREZ
|7 0
|o snkIncC 50
|i snkF 1046/76
|8 5
|0 0
|1 0
|4 0
|d 2005-04-05
|l 0
|r 2005-04-05 00:00:00
|w 2026-02-24
|